| 000 | 00460pam a2200169 a 4500 | ||
|---|---|---|---|
| 020 | _a094525704X : | ||
| 040 | _cDLC | ||
| 082 | 0 | 0 | _a338 NEW 1989 A064 Or. |
| 100 | 1 | _aGoulet, Denis. | |
| 245 | 1 | 4 |
_aThe uncertain promise : _bvalue conflicts in technology transfer / |
| 250 | _aNew ed. | ||
| 260 |
_aNew York : _bNew Horizons Press, _c1989. |
||
| 300 |
_axii, 324 p. ; _c23 cm. |
||
| 500 | _aIncludes index. | ||
| 650 | 0 | _aTechnology transfer. | |
| 942 | _cEK | ||
| 999 |
_c13960 _d13960 |
||